[Event "SVK-chT2A 1516"]
[Site "Slovakia"]
[Date "2016.03.12"]
[Round "10.8"]
[White "Ulehla, Jakub"]
[Black "Glodova, Erika"]
[Result "0-1"]
[WhiteElo "1666"]
[BlackElo "2084"]
[PlyCount "82"]
[EventDate "2015.10.17"]
[EventType "team-tourn"]
[EventRounds "11"]
[EventCountry "SVK"]
[SourceTitle "EXT 2017"]
[Source "ChessBase"]
[SourceDate "2016.10.25"]
[SourceVersion "1"]
[SourceVersionDate "2016.10.25"]
[SourceQuality "1"]
[WhiteTeam "Osuske II"]
[BlackTeam "Bratislava KSN"]
[WhiteTeamCountry "SVK"]
[BlackTeamCountry "SVK"]

1. e4 c5 2. Nf3 d6 3. d4 cxd4 4. Nxd4 Nf6 5. Nc3 a6 6. Bg5 e6 7. f4 b5 8. e5 dxe5 9. fxe5 Qc7 10. Qe2 Nfd7 11. 0-0-0 Bb7 12. Bf4 Nc5 13. Qg4 Nbd7 14. Bxb5 axb5 15. Ndxb5 Qc6 16. Nd6+ Bxd6 17. Qxg7 0-0-0 18. exd6 Qxg2 19. Qd4 Qc6 20. Rhf1 f6 21. Be3 e5 22. Qb4 Rhf8 23. Nb5 Kb8 24. Nc7 Na6 25. Nxa6+ Qxa6 26. Bg1 Rc8 27. Rf3 Qe2 28. Rc3 Rxc3 29. Qxc3 Rc8 30. Qb3 Qc4 31. Qxc4 Rxc4 32. b3 Rg4 33. Kb2 Rg2 34. Kc3 Be4 35. Rc1 f5 36. b4 f4 37. Kb3 f3 38. c4 f2 39. Bxf2 Rxf2 40. c5 Bd5+ 41. Ka3 Rxa2# 0-1